Lives of eminent philosophers
Gorde:
| Egile nagusia: | |
|---|---|
| Formatua: | Liburua |
| Hizkuntza: | ingelesa |
| Argitaratua: |
Londres
William Heinemann
1950
|
| Saila: | The loeb classical library
|
| Gaiak: | |
| Etiketak: |
Etiketa erantsi
Etiketarik gabe, Izan zaitez lehena erregistro honi etiketa jartzen!
|
MARC
| LEADER | 00000nam a2200000 a 4500 | ||
|---|---|---|---|
| 001 | UCY5864 | ||
| 003 | CL-VaPUC | ||
| 008 | 950512e19500000UK |||||||||||||||||eng|d | ||
| 082 | 0 | 4 | |a 921.9 |b DIO |2 21 |
| 100 | |a Diógenes Laercio |e author |9 449895 | ||
| 245 | 1 | 0 | |a Lives of eminent philosophers |
| 300 | |a 549 p | ||
| 942 | |c BK | ||
| 945 | |d 19950512 00:00:00 |a oaravena | ||
| 260 | |a Londres |b William Heinemann |c 1950 | ||
| 650 | 7 | |a BIOGRAFIA CLASICA |2 CL-VaPUC |9 335255 | |
| 650 | 0 | |a Filósofos griegos |9 267553 | |
| 651 | 0 | |a Grecia |9 265314 | |
| 583 | |a last modification |c 19950512 00:00:00 |k Rodrigo Vera | ||
| 490 | 0 | |a The loeb classical library | |
| 999 | |c 233470 |d 233468 | ||
| 952 | |0 0 |1 0 |4 0 |6 921_900000000000000_DIO_1950 |7 0 |8 P |9 239022 |a BIBEDU |b BIBEDU |c BIBEDU_PB |d 2019-11-18 |h v.1 |i 1501275 |l 5 |m 1 |o 921.9 DIO 1950 |p 1501275 |r 2024-01-25 |s 2023-05-04 |w 2019-11-18 |y BK |k FIL | ||
| 952 | |0 0 |1 0 |4 0 |6 921_900000000000000_DIO_1950 |7 0 |8 P |9 239023 |a BIBEDU |b BIBEDU |c BIBEDU_PB |d 2019-11-18 |h v.2 |i 1501283 |l 6 |m 1 |o 921.9 DIO 1950 |p 1501283 |r 2024-01-25 |s 2022-12-20 |w 2019-11-18 |y BK |k FIL | ||